Normal view
MARC view
Entry Personal Name
001 - CONTROL NUMBER
- control field: 75232
003 - CONTROL NUMBER IDENTIFIER
- control field: dpl
005 - DATE AND TIME OF LATEST TRANSACTION
- control field: 20241217110629.0
008 - FIXED-LENGTH DATA ELEMENTS
- fixed length control field: 241217|| aca||aabn | a|a d
040 ## - CATALOGING SOURCE
- Original cataloging agency: dpl
- Transcribing agency: dpl
100 ## - HEADING--PERSONAL NAME
- Personal name: चिश्ती, अनजाना
670 ## - SOURCE DATA FOUND
- Source citation: Work cat.: (dpl)206762: चिश्ती, अनजाना, शम्सुल औलिया शैख अबुबकर तूसी: , 2016
